| 000 | 00828nam a2200193Ii 4500 | ||
|---|---|---|---|
| 003 | JO-AjNU | ||
| 008 | 230605s9999||||xx |||||||||||||| ||und|| | ||
| 040 |
_aJO-AjNU _bara _erda _cJO-AjNU |
||
| 041 | _aara | ||
| 050 | 1 | 4 | _aJF1525.M52 2010 |
| 100 | 3 |
_aالمنظمة العربية للتنمية الإدارية، القاهرة, _eauthor _951973 |
|
| 245 | 0 | 0 | _aآليات مكافحة الفساد والرشوة في الأجهزة الحكومية العربية: بحوث وأوراق عمل |
| 264 | 3 | 1 | _aالقاهرة: المنظمة العربية للتنمية الادارية، 2010 |
| 300 | _a391ص | ||
| 336 |
_atext _btxt _2rdacontent |
||
| 337 |
_aunmediated _bn _2rdamedia |
||
| 338 |
_avolume _bnc _2rdacarrier |
||
| 650 | 4 |
_aمكافحة الفساد - البلاد العربية - مؤتمرات _951974 |
|
| 999 |
_aA22995 _c26563 _d26563 |
||